| 000 | 01078nam a2200253Ia 4500 | ||
|---|---|---|---|
| 003 | OSt | ||
| 005 | 20220923225034.0 | ||
| 006 | a|||||r|||| 00| 0 | ||
| 007 | ta | ||
| 008 | 220922b |||||||| |||| 00| 0 hin d | ||
| 024 | _a255,586 | ||
| 037 | _cTextual | ||
| 040 |
_aARTS _cARTS _bhin |
||
| 041 |
_2hin _ahin |
||
| 082 | _aO152,3:g(S), L7 | ||
| 100 |
_aवार्ष्णेय, कुंज बिहारी, संपा. _9163820 |
||
| 245 | 0 | _aमनोवैज्ञानिक उपन्यास हिन्दी उपन्यास के सन्दर्भ में एक संगोष्ठी | |
| 246 | _ahinovaijnyānik upanyās hindī upanyās ke sandarbha mean ek sangoṣhṭhī | ||
| 260 |
_aअहमदाबाद _b गुजरात विद्यापीठ _c1977 |
||
| 300 |
_a70पृ. _ccm. |
||
| 650 |
_aहिन्दी साहित्य _9156264 |
||
| 942 |
_hO152,3:g(S), L7 _cTEXL _2CC |
||
| 999 |
_c375584 _d375584 |
||